=LDR 00000nam 2200000 4500 =001 INLIS000000000013323 =005 20141015133726.0 =006 =007 =008 Ind =035 ##$$0010-061300000013323 =041 ##$$a Ind =082 ##$$a 808.02 =090 ##$$a 808.02, Nas b =100 ##$$a Nasution.S =245 ##$$a Buku penuntun membuat tesis skripsi disertasi makalah, S.Nasution =260 ##$$a 2004 $b Jakarta =300 ##$$a 119 hlm, 20 cm =650 ##$$a Disertasi Akademik =850 ##$$a NBPNMAT =990 ##$$a 92592/BPAP-NTB/2014 =990 ##$$a 0001/BPAP-NTB/20142014 =990 ##$$a 0001/BPAP-NTB/20142015